United Kingdom Immigration By Country - Extreme - Statistics

General Stats
  • This quiz has been taken 60 times
  • The average score is 46 of 58
Answer Stats
Total Country % Correct
201,180 China
100%
1,09 mil India
100%
504,280 Ireland
100%
761,200 Pakistan
100%
221,670 United States
100%
703,400 Poland
98%
95,810 Romania
98%
81,790 Russia
98%
89,500 Spain
98%
86,000 Canada
95%
149,500 France
95%
112,300 Portugal
95%
135,780 Australia
93%
322,000 Germany
93%
348,330 Bangladesh
90%
268,000 Brazil
90%
30,500 Greece
90%
256,700 Ukraine
90%
98,100 Iran
88%
84,890 Iraq
88%
155,200 Italy
88%
329,600 Nigeria
88%
65,000 Syria
88%
101,500 Turkey
88%
74,280 Afghanistan
85%
42,500 Argentina
85%
51,600 Bulgaria
85%
118,610 Lithuania
85%
67,200 New Zealand
85%
230,000 South Africa
85%
42,300 Czech Republic
83%
40,380 Egypt
83%
66,050 Latvia
83%
68,100 Netherlands
83%
67,510 Slovakia
83%
56,700 Hungary
80%
181,000 Jamaica
80%
151,070 Kenya
80%
113,200 Colombia
78%
115,090 Ghana
78%
31,880 Serbia
78%
145,600 Sri Lanka
73%
90,000 Venezuela
70%
141,790 Zimbabwe
70%
75,180 Malaysia
68%
140,000 Philippines
68%
124,130 Somalia
68%
64,550 Uganda
68%
90,670 Sudan
65%
49,010 Tanzania
65%
32,500 Vietnam
65%
78,450 Nepal
63%
33,000 Lebanon
55%
32,000 Trinidad and Tobago
50%
81,510 Cyprus
48%
36,780 Sierra Leone
48%
30,050 Guyana
38%
45,000 Mauritius
18%
No matching quizzes found
Score Distribution
Percent of People with Each Score
Percentile by Number Answered
Your Score History
You have not taken this quiz